Contadores & empresas : (Registro nro. 22061)
[ vista simple ]
| 000 -Cabecera | |
|---|---|
| Campo de control interno | 00825nam a2200277Ia 4500 |
| 005 - Fecha y hora del registro | |
| control field | 20260320113338.0 |
| 008 - Elementos de Longitud Fija | |
| fixed length control field | 260320s9999||||xx |||||||||||||| ||und|| |
| 022 ## - ISSN | |
| ISSN | 18135080 |
| 041 ## - Idioma | |
| Codigo Idioma | ESP |
| 082 ## - DEWEY y NOTACIÓN INTERNA | |
| Dewey | HR 657 ENE-DIC 2025 |
| Notación Interna | CEM |
| 100 ## - AUTOR | |
| Autor denominación | |
| Término de relación | |
| 110 ## - AUTOR INSTTITUCIONAL | |
| Autor Institucional | Gaceta Jurídica |
| 245 #0 - TÍTULO DE MATERIAL BIBLIOGRÁFICO | |
| Título | Contadores & empresas : |
| Título paralelo | sistema integral de información para contadores, administradores y gerentes |
| 246 ## - TÍTULO TRADUCIDO | |
| Título | |
| Título paralelo | |
| Autor | |
| 260 ## - CIUDAD, EDITORIAL, AÑO | |
| Ciudad | Lima : |
| Nombre de la Editorial | Gaceta Jurídica, |
| Año | 2025 |
| 300 ## - DESCRIPCIÓN | |
| N° Páginas | 80 páginas : |
| Otros detalles | cuadros ; |
| Dimensiones | 29 cm. |
| Material Adicional | |
| 440 ## - MENCIÓN DE SERIE | |
| Título de la Serie | |
| Número de Serie | |
| Volumen de Serie | |
| 505 ## - TABLA DE CONTENIDO | |
| Tabla de Contenido | Contiene: Nros. 473-484 (Enero-Diciembre 2025) |
| 650 ## - TEMAS | |
| Temas | Tecnología (Ciencias Aplicadas) |
| 653 ## - DESCRIPTORES | |
| Lenguajes no controlado | Contabilidad - Revista |
| 654 ## - PROGRAMAS | |
| Programa | Dpto. de Contabilidad |
| 700 ## - OTROS AUTORES | |
| Otros autores | |
| Títulos y otras palabras asociadas con el nombre | |
| 856 ## - URL - UBICACIÓN | |
| URI/URL: Enlace exacto del recurso | <a href="https://www.contadoresyempresas.com.pe/">https://www.contadoresyempresas.com.pe/</a> |
| Nota pública: Versión digital | <a href="Versión digital">Versión digital</a> |
| 942 ## - ELEMENTOS DE KOHA | |
| Tipo de documento | Revista |
| Nombre del creador | Justo Noguera |
| Código de catalogador | Margarita Torres |
| Esquema de clasificación | Dewey Decimal Classification |
| Suppress in OPAC | |
| Codigo completo | Registro | Colección | Copia número | Disponibilidad | Tipo de préstamo | Biblioteca Actual | Procedencia (Biblioteca) | Ubicacón | Fecha Ingreso | Tipo de Adquisición | Observación | Date last seen | Total checkouts | Price effective from | Tipo de Item | Estado del Material | Fuente de Clasificación | Damaged status | Withdrawn status |
|---|---|---|---|---|---|---|---|---|---|---|---|---|---|---|---|---|---|---|---|
| HR 657 ENE-DIC 2025 CEM | 1087467 | Universidad Católica San Pablo | 1 | Disponible | Disponible | Víctor Andrés Belaunde | Víctor Andrés Belaunde | Planta baja cerrada | 10/03/2026 | Suscripción | Contabilidad | 20/03/2026 | 20/03/2026 | Revista | Bueno | Dewey Decimal Classification |




